000 01117nam a22003257a 4500
003 CHAP
005 20220329141802.0
008 971013s1974 r 00010 d
010 _a73792
011 _a74764
035 _a84323
040 _cCHAP
090 _aTesis
100 0 0 _aCarmelo Rodriguez, Mario.
_919010
245 _aEvaluación socioeconomica de la irrigación en México
_b: caso distrito de riego, No. 14 Río Colorado, B.C.
260 _aMéxico, D.F. :
_bEl autor,
_c1974
300 _a198 h.
502 _aTesis (Lic. en Economía) -- UNAM. Escuela Nacional de Economía
590 _aALEPH
_b10
_c20130110
_lUCH01
_h1417
590 _aBATCH-UPD
_b10
_c20130110
_lUCH01
_h0654
590 _aBATCH-UPD
_b10
_c20130409
_lUCH01
_h1951
590 _aBATCH-UPD
_b10
_c20130410
_lUCH01
_h0339
590 _aBATCH-UPD
_b10
_c20130914
_lUCH01
_h0845
590 _aCONVERSION
_b10
_c20130109
_lUCH01
_h1340
650 1 4 _aDistrito de Riego Río Colorado, B.C.
_932917
650 1 4 _aIrrigación
_xBaja California.
_960376
901 _aBK
942 _cLIBRO
949 _bBC
_cTES
_d-39588
_eLIBRO
_h18011
_i84323
_si
999 _c73792
_d73792